Central Library OPAC University of Rajshahi

The wine question in the light of the new dispensation : (Record no. 30642)

MARC details
000 -LEADER
fixed length control field 00974cam a22002771 4500
001 - CONTROL NUMBER
control field 30642
003 - CONTROL NUMBER IDENTIFIER
rucl marc code BD-RjUL
005 - DATE AND TIME OF LATEST TRANSACTION
control field 20211209051608.0
008 - FIXED-LENGTH DATA ELEMENTS--GENERAL INFORMATION
fixed length control field 140410s1886 xx 001 0 eng
035 ## - SYSTEM CONTROL NUMBER
System control number (BD-RjUL)30729
System control number (OCoLC)4848196
040 ## - CATALOGING SOURCE
Original cataloging agency DLC
Transcribing agency OCl
Modifying agency DLC
Language of cataloging eng
041 ## - LANGUAGE CODE
Language code of text/sound track or separate title eng
082 ## - DEWEY DECIMAL CLASSIFICATION NUMBER
Classification number 177
Author mark and year ELW 1886
100 1# - MAIN ENTRY--PERSONAL NAME
Personal name Ellis, John,
Dates associated with a name 1815-
9 (RLIN) 93094
245 04 - TITLE STATEMENT
Title The wine question in the light of the new dispensation :
Remainder of title A controversy, in which views of his opponents are fairly and fully represented in their own language /
Statement of responsibility, etc. John Ellis. Five works in one volume.
260 ## - PUBLICATION, DISTRIBUTION, ETC. (IMPRINT)
Place of publication, distribution, etc. New York :l
Name of publisher, distributor, etc. The author,
Date of publication, distribution, etc. 1886.
300 ## - PHYSICAL DESCRIPTION
Pagination 736 p. :
Illustrations ill. ;
Size 19 cm.
500 ## - GENERAL NOTE
General note Each part has special t.-p.
504 ## - BIBLIOGRAPHY, ETC. NOTE
Bibliography, etc Includes index
610 20 - SUBJECT ADDED ENTRY--CORPORATE NAME
Corporate name or jurisdiction name as entry element General Convention of the New Jerusalem in the United States of America
650 #0 - SUBJECT ADDED ENTRY--TOPICAL TERM
Topical term or geographic name as entry element Temperance
General subdivision Biblical teaching.
9 (RLIN) 93096
942 ## - ADDED ENTRY ELEMENTS (KOHA)
Source of classification or shelving scheme Dewey Decimal Classification
Koha item type Books
Holdings
Lost status Source of classification or shelving scheme Damaged status Not for loan Collection code Permanent Location Current Location Shelving location Date acquired Source of acquisition Cost, normal purchase price Total Checkouts Full call number Date last seen Copy number Koha item type
  Dewey Decimal Classification   Not For Loan Non-fiction Central Library, University of Rajshahi Central Library, University of Rajshahi Reading Room 01/01/1963 A. I. Qurashi 0.00   177 ELW 1886 10/04/2014 C-1 Books